000 00820nam a22002417a 4500
999 _c20645
_d20645
005 20191216073050.0
008 191216b xxu||||| |||| 00| 0 spa d
020 _a9789585560000
040 _aCO-BoIAVH
_cCO-BoIAVH
041 _aspa
044 _ack
110 _aÁrea Metropolitana del Valle de Aburrá
245 _aPor la recuperación y protección de la fauna silvestre.
250 _aPrimera edición
260 _aBello, Antioquia:
_bÁrea Metropolitana del Valle de Aburrá,
_c2018.
300 _a30 Páginas:
_bilustraciones y fotografías,
_c18 x 21 cm.
650 0 _aFauna silvestre
650 0 _aEspecies silvestres
650 0 _aBiodiversidad
650 0 _aConservación de ecosistemas
650 0 _aGuía pedagógica y didáctica
942 _2ddc
_cFolleto